000
00264nam a22001217a 4500
008
260313b ||||| |||| 00| 0 eng d
041
_a
shqip
080
_a
22.2
100
_a
20.1
101
_a
roman
245
_a
Dyert e Heshtjes
_c
Eqrem Basha
942
_2
udc
_c
BK
999
_c
60898
_d
60898